[Event "OMA-chT 6th"]
[Site "Muscat"]
[Date "2023.08.07"]
[Round "6.4"]
[White "Al Ansi, Amin Hassan"]
[Black "Al Darwashi, Anas"]
[Result "0-1"]
[WhiteElo "1806"]
[BlackElo "1717"]
[PlyCount "58"]
[EventDate "2023.08.03"]
[EventType "team-swiss"]
[EventRounds "9"]
[EventCountry "OMN"]
[SourceTitle "EXT 2024"]
[Source "ChessBase"]
[SourceDate "2023.10.10"]
[SourceVersion "1"]
[SourceVersionDate "2023.10.10"]
[SourceQuality "1"]
[WhiteTeam "Salalah II"]
[BlackTeam "Salalah"]
[WhiteTeamCountry "OMN"]
[BlackTeamCountry "OMN"]

1. e4 c5 2. b3 Nc6 3. Bb2 d6 4. Bb5 Bd7 5. Nf3 e6 6. 0-0 Nf6 7. Re1 Be7 8. Nc3 0-0 9. a4 a6 10. Bxc6 Bxc6 11. d3 Qc7 12. h3 b5 13. axb5 axb5 14. Qd2 d5 15. exd5 exd5 16. Ne2 d4 17. Nh2 Bd6 18. Nf1 Qb7 19. f3 Nd5 20. c3 dxc3 21. Nxc3 Bf4 22. Qf2 Nb4 23. Red1 Rad8 24. d4 Rfe8 25. Qh4 g5 26. Qh6 Rd6 27. Qh5 cxd4 28. Ne4 Bxe4 29. fxe4 Qxe4 0-1

[Event "Asia-ch Amateur"]
[Site "Muscat"]
[Date "2022.10.03"]
[Round "7"]
[White "Bagheri, Majjid"]
[Black "Al Darwashi, Anas"]
[Result "1-0"]
[WhiteElo "1870"]
[BlackElo "1530"]
[PlyCount "91"]
[EventDate "2022.09.29"]
[EventType "swiss"]
[EventRounds "9"]
[EventCountry "OMN"]
[SourceTitle "CBM 210 Extra"]
[Source "ChessBase"]
[SourceDate "2022.11.30"]
[SourceVersion "1"]
[SourceVersionDate "2022.11.30"]
[SourceQuality "1"]

1. e4 c5 2. Nf3 g6 3. d4 cxd4 4. Nxd4 Bg7 5. c4 Qb6 6. Nb3 Nc6 7. Nc3 Nf6 8. Be3 Qc7 9. Be2 d6 10. 0-0 0-0 11. Rc1 Be6 12. f3 Qd7 13. Nd4 Nxd4 14. Bxd4 Qc7 15. b3 Nd7 16. Be3 Qa5 17. Qd2 Rfc8 18. Rfd1 a6 19. Nb1 Qxd2 20. Nxd2 a5 21. f4 Nc5 22. g4 f5 23. exf5 gxf5 24. g5 a4 25. Bxc5 dxc5 26. Bf3 Bd4+ 27. Kg2 Rc7 28. Rc2 Rd8 29. Re1 Bf7 30. Nf1 axb3 31. axb3 b5 32. Ng3 e6 33. cxb5 Ra7 34. b6 Ra3 35. Rb1 Be8 36. b4 Ba4 37. Rd2 c4 38. b7 Rd3 39. Ra2 Rxf3 40. Rxa4 Rf2+ 41. Kh3 Be5 42. fxe5 Kf7 43. Ra8 Rd4 44. Rf8+ Kg6 45. Rg8+ Kf7 46. g6+ 1-0

[Event "OMA-chT Clubs"]
[Site "Muscat"]
[Date "2022.08.31"]
[Round "7.4"]
[White "Al Darwashi, Anas"]
[Black "Al Jabri, Rashid"]
[Result "1-0"]
[WhiteElo "1530"]
[BlackElo "1619"]
[PlyCount "135"]
[EventDate "2022.08.26"]
[EventType "team-swiss"]
[EventRounds "9"]
[EventCountry "OMN"]
[SourceTitle "EXT 2023"]
[Source "ChessBase"]
[SourceDate "2022.10.05"]
[SourceVersion "1"]
[SourceVersionDate "2022.10.05"]
[SourceQuality "1"]
[WhiteTeam "Salalah II"]
[BlackTeam "Majees Blue"]
[WhiteTeamCountry "OMN"]
[BlackTeamCountry "OMN"]

1. e4 c5 2. Nf3 d6 3. c3 Nf6 4. Be2 e6 5. 0-0 Be7 6. Qc2 Nc6 7. d4 cxd4 8. cxd4 Bd7 9. Nc3 a6 10. Bg5 Rc8 11. e5 dxe5 12. dxe5 Nd5 13. Bxe7 Ncxe7 14. Rfd1 Qa5 15. Qd2 Qb6 16. Ne4 0-0 17. h4 Rfd8 18. h5 Qb4 19. Nd6 Qxd2 20. Rxd2 Rc7 21. Rad1 Nf4 22. Kf1 Nxe2 23. Kxe2 Nd5 24. Ke1 Nf4 25. g3 Nxh5 26. Ne8 Rxe8 27. Rxd7 Rxd7 28. Rxd7 b5 29. Ra7 f6 30. Rxa6 Kf7 31. Rb6 Ra8 32. a3 Ra5 33. exf6 gxf6 34. Nd4 Ng7 35. Rxb5 Rxb5 36. Nxb5 Ke7 37. Kd2 Nf5 38. Kc3 h5 39. a4 Kd7 40. b4 e5 41. Kd3 Ne7 42. Kc4 f5 43. Kc5 f4 44. Nd6 fxg3 45. fxg3 Nc6 46. b5 Nd4 47. Ne4 Kc7 48. a5 Nb3+ 49. Kb4 Nd4 50. Nf6 Nf5 51. Nxh5 e4 52. g4 e3 53. Nf4 Ne7 54. Ne2 Nd5+ 55. Kc5 Nf6 56. b6+ Kb7 57. Kb5 Nxg4 58. a6+ Kb8 59. Nd4 Ne5 60. Kc5 Nd7+ 61. Kc6 Ne5+ 62. Kd5 Nd7 63. Kc6 Ne5+ 64. Kb5 Kc8 65. Nc6 Nxc6 66. Kxc6 Kb8 67. b7 e2 68. Kb6 1-0

[Event "OMA-chT Clubs"]
[Site "Muscat"]
[Date "2022.08.27"]
[Round "3.4"]
[White "Al Darwashi, Anas"]
[Black "Al Ghafri, Amer"]
[Result "1-0"]
[WhiteElo "1530"]
[BlackElo "1605"]
[PlyCount "77"]
[EventDate "2022.08.26"]
[EventType "team-swiss"]
[EventRounds "9"]
[EventCountry "OMN"]
[SourceTitle "EXT 2023"]
[Source "ChessBase"]
[SourceDate "2022.10.05"]
[SourceVersion "1"]
[SourceVersionDate "2022.10.05"]
[SourceQuality "1"]
[WhiteTeam "Salalah II"]
[BlackTeam "Majees White"]
[WhiteTeamCountry "OMN"]
[BlackTeamCountry "OMN"]

1. e4 d6 2. g3 g6 3. Bg2 Bg7 4. Ne2 Nf6 5. 0-0 0-0 6. h3 c5 7. c3 Nc6 8. d3 Qc7 9. a4 Rb8 10. Nd2 b5 11. axb5 Rxb5 12. Nc4 Be6 13. Ne3 Na5 14. Qa4 Bd7 15. c4 Rxb2 16. Qxa5 Qxa5 17. Rxa5 Rxe2 18. Bf3 Rxe3 19. Bxe3 Bxh3 20. Rb1 Nd7 21. Rxa7 Ne5 22. Be2 Bf6 23. f4 Nc6 24. Rab7 Bc8 25. Rc7 Nd4 26. Bd1 Re8 27. Rb8 Bd7 28. Rxe8+ Bxe8 29. e5 dxe5 30. fxe5 Bxe5 31. Rxe7 Bxg3 32. Rxe8+ Kg7 33. Bxd4+ cxd4 34. Re4 Bc7 35. Kf2 Bb6 36. Re5 h5 37. c5 Ba7 38. c6 Kf6 39. c7 1-0

[Event "Muscat Design Group op 1st"]
[Site "Muscat"]
[Date "2022.03.26"]
[Round "6"]
[White "Al Zadjali, Abdul Rahman"]
[Black "Al Darwashi, Anas"]
[Result "0-1"]
[WhiteElo "1769"]
[BlackElo "1565"]
[PlyCount "40"]
[EventDate "2022.03.23"]
[EventType "swiss"]
[EventRounds "7"]
[EventCountry "OMN"]
[SourceTitle "EXT 2023"]
[Source "ChessBase"]
[SourceDate "2022.10.05"]
[SourceVersion "1"]
[SourceVersionDate "2022.10.05"]
[SourceQuality "1"]

1. d4 Nf6 2. c4 e6 3. Nc3 d5 4. Nf3 dxc4 5. e3 c5 6. Bxc4 Nc6 7. 0-0 a6 8. a3 b5 9. Ba2 cxd4 10. exd4 Be7 11. d5 exd5 12. Nxd5 0-0 13. Nxe7+ Qxe7 14. Re1 Rd8 15. Qc2 Nd4 16. Qc3 Ne2+ 17. Rxe2 Qxe2 18. Bd2 Ne4 19. Bxf7+ Kh8 20. Qc7 Bg4 0-1

[Event "OMA-ch"]
[Site "Muscat"]
[Date "2022.02.17"]
[Round "9"]
[White "Al Darwashi, Anas"]
[Black "Al Hooti, Mansoor"]
[Result "1-0"]
[WhiteElo "1548"]
[BlackElo "1259"]
[PlyCount "77"]
[EventDate "2022.02.10"]
[EventType "swiss"]
[EventRounds "9"]
[EventCountry "OMN"]
[SourceTitle "EXT 2023"]
[Source "ChessBase"]
[SourceDate "2022.10.05"]
[SourceVersion "1"]
[SourceVersionDate "2022.10.05"]
[SourceQuality "1"]

1. e4 c6 2. d4 d5 3. f3 e6 4. e5 c5 5. f4 Nc6 6. c3 Nge7 7. Nf3 Nf5 8. Bd3 Nh4 9. Nxh4 Qxh4+ 10. g3 Qd8 11. Be3 c4 12. Bc2 b5 13. Nd2 Be7 14. 0-0 0-0 15. Qh5 g6 16. Qh6 Re8 17. Nf3 Bf8 18. Qh3 f5 19. exf6 Qxf6 20. Ne5 Nxe5 21. fxe5 Qe7 22. Rf2 Bg7 23. Raf1 Rf8 24. Rxf8+ Bxf8 25. Qg4 Qg7 26. Bg5 Be7 27. Bf6 Qf8 28. Qg5 Bxf6 29. Rxf6 Qg7 30. Bxg6 hxg6 31. Rxg6 Qxg6 32. Qxg6+ Kf8 33. h4 Bd7 34. h5 Be8 35. Qxe6 Bf7 36. Qd6+ Kg8 37. g4 Re8 38. h6 Rf8 39. e6 1-0

[Event "OMA-ch"]
[Site "Muscat"]
[Date "2022.02.16"]
[Round "8"]
[White "Al Jabri, Rashid"]
[Black "Al Darwashi, Anas"]
[Result "1-0"]
[WhiteElo "1635"]
[BlackElo "1548"]
[PlyCount "53"]
[EventDate "2022.02.10"]
[EventType "swiss"]
[EventRounds "9"]
[EventCountry "OMN"]
[SourceTitle "EXT 2023"]
[Source "ChessBase"]
[SourceDate "2022.10.05"]
[SourceVersion "1"]
[SourceVersionDate "2022.10.05"]
[SourceQuality "1"]

1. e4 c5 2. Nf3 g6 3. d4 cxd4 4. Nxd4 Bg7 5. Nc3 Nc6 6. Be3 Nf6 7. Nxc6 bxc6 8. e5 Ng8 9. f4 Nh6 10. Bd3 d5 11. Bc5 d4 12. Ne4 Qd5 13. b4 Bf5 14. Qe2 Ng4 15. c3 dxc3 16. h3 Nh6 17. Rd1 Rd8 18. 0-0 Qd7 19. Nf6+ Bxf6 20. exf6 Qe6 21. Bxe7 Rxd3 22. Rxd3 Bxd3 23. Qxd3 Qd5 24. Qa6 Qd7 25. Kh2 Nf5 26. Rd1 Qc7 27. Qxc6+ 1-0

[Event "OMA-ch"]
[Site "Muscat"]
[Date "2021.09.28"]
[Round "8"]
[White "Al Mamari, Ali Abdullah"]
[Black "Al Darwashi, Anas"]
[Result "0-1"]
[WhiteElo "1375"]
[BlackElo "1471"]
[PlyCount "56"]
[EventDate "2021.09.22"]
[EventType "swiss"]
[EventRounds "9"]
[EventCountry "OMN"]
[SourceTitle "EXT 2023"]
[Source "ChessBase"]
[SourceDate "2022.10.05"]
[SourceVersion "1"]
[SourceVersionDate "2022.10.05"]
[SourceQuality "1"]

1. e4 c5 2. Nf3 g6 3. d4 cxd4 4. Qxd4 Nf6 5. e5 Nc6 6. Qa4 Nd5 7. Qe4 Nc7 8. Nc3 Ne6 9. Be3 Bg7 10. 0-0-0 Qc7 11. Nd5 Qb8 12. Bb5 a6 13. Bxc6 bxc6 14. Nb6 f5 15. exf6 Bxf6 16. c3 Ra7 17. Nxc8 Rb7 18. Nb6 Rxb6 19. Bxb6 Qxb6 20. Ne5 d5 21. Qe1 Nc5 22. f4 0-0 23. Ng4 Bg7 24. Rf1 Rb8 25. b3 Qa5 26. Rf2 Bxc3 27. Qxe7 Qa3+ 28. Kb1 Rxb3+ 0-1

[Event "OMA-ch"]
[Site "Muscat"]
[Date "2021.09.23"]
[Round "2"]
[White "Al Kathiri, Salim Said"]
[Black "Al Darwashi, Anas"]
[Result "0-1"]
[WhiteElo "1707"]
[BlackElo "1471"]
[PlyCount "108"]
[EventDate "2021.09.22"]
[EventType "swiss"]
[EventRounds "9"]
[EventCountry "OMN"]
[SourceTitle "EXT 2023"]
[Source "ChessBase"]
[SourceDate "2022.10.05"]
[SourceVersion "1"]
[SourceVersionDate "2022.10.05"]
[SourceQuality "1"]

1. e4 c5 2. g3 Nc6 3. Bg2 d6 4. c3 Nf6 5. Ne2 e6 6. d4 d5 7. Bg5 dxe4 8. Bxe4 cxd4 9. Bxf6 Qxf6 10. cxd4 Bb4+ 11. Nbc3 0-0 12. Qd3 h6 13. Qf3 Qxf3 14. Bxf3 Bd7 15. 0-0 Rac8 16. d5 Ne5 17. Bg2 exd5 18. Nxd5 Bc5 19. b4 Bd6 20. a3 Bb5 21. Ndc3 Bc6 22. Rfd1 Bxg2 23. Kxg2 Nc4 24. Nb5 Be5 25. Ra2 a6 26. Nbc3 Rfe8 27. Rd7 Bxc3 28. Nf4 b5 29. Nd5 Bf6 30. Ra7 Rcd8 31. Nxf6+ gxf6 32. Rxa6 Ra8 33. Rxf6 Kg7 34. Rf3 Ra6 35. Rc3 Rea8 36. a4 Rxa4 37. Rxa4 Rxa4 38. Rb3 Ra3 39. Rb1 Kf6 40. h4 Ra2 41. Rb3 Rb2 42. Rf3+ Kg7 43. g4 Rxb4 44. g5 hxg5 45. hxg5 Rb1 46. Rc3 Ne5 47. f4 b4 48. Rc7 Nd3 49. f5 b3 50. g6 Nf4+ 51. Kf2 Nxg6 52. fxg6 Kxg6 53. Rc8 b2 54. Rb8 Rh1 0-1

[Event "OMA-ch"]
[Site "Muscat"]
[Date "2019.12.05"]
[Round "5"]
[White "Al Darwashi, Anas"]
[Black "Musallam Salim, Al Aamri"]
[Result "1/2-1/2"]
[WhiteElo "1374"]
[BlackElo "1726"]
[PlyCount "50"]
[EventDate "2019.12.02"]
[EventType "swiss"]
[EventRounds "9"]
[EventCountry "OMN"]
[SourceTitle "CBM 195 Extra"]
[Source "ChessBase"]
[SourceDate "2020.05.31"]
[SourceVersion "1"]
[SourceVersionDate "2020.05.31"]
[SourceQuality "1"]

1. e4 c6 2. d4 d5 3. f3 Nf6 4. e5 Ng8 5. f4 Bf5 6. Bd3 Bxd3 7. Qxd3 e6 8. Nf3 Ne7 9. Nc3 Nd7 10. 0-0 Nf5 11. Nd1 c5 12. Ne3 Nxd4 13. Nxd4 cxd4 14. Qxd4 Bc5 15. Qd3 Qb6 16. Kh1 0-0 17. Rf3 f5 18. exf6 Nxf6 19. b3 Rad8 20. Bb2 Bxe3 21. Bxf6 Rxf6 22. Qxe3 Qxe3 23. Rxe3 Kf7 24. g3 Rc8 25. c3 h5 1/2-1/2

[Event "OMA-ch"]
[Site "Muscat"]
[Date "2019.12.04"]
[Round "3"]
[White "Al Rusheidi, Omer"]
[Black "Al Darwashi, Anas"]
[Result "0-1"]
[WhiteElo "1381"]
[BlackElo "1374"]
[PlyCount "58"]
[EventDate "2019.12.02"]
[EventType "swiss"]
[EventRounds "9"]
[EventCountry "OMN"]
[SourceTitle "CBM 195 Extra"]
[Source "ChessBase"]
[SourceDate "2020.05.31"]
[SourceVersion "1"]
[SourceVersionDate "2020.05.31"]
[SourceQuality "1"]

1. d4 Nf6 2. c4 e6 3. Nc3 Bb4 4. a3 Bxc3+ 5. bxc3 b6 6. Nf3 Bb7 7. Bg5 h6 8. Bxf6 Qxf6 9. e3 d6 10. Be2 0-0 11. 0-0 Nd7 12. Qd3 e5 13. dxe5 Nxe5 14. Nxe5 Qxe5 15. f4 Qe6 16. Bf3 Bxf3 17. Rxf3 Rfe8 18. Raf1 Re7 19. f5 Qf6 20. Rg3 Rae8 21. Rff3 Re5 22. Qd4 c5 23. Qg4 Re4 24. Qh3 Rh4 25. Rxg7+ Kxg7 26. Qg3+ Kh7 27. Qf2 Rhe4 28. h3 Qxc3 29. g4 Rxe3 0-1

[Event "World School-ch U15"]
[Site "Antalya"]
[Date "2019.04.24"]
[Round "7"]
[White "Ali, Ahad"]
[Black "Al Darwashi, Anas"]
[Result "1-0"]
[WhiteElo "1572"]
[BlackElo "1311"]
[PlyCount "71"]
[EventDate "2019.04.18"]
[EventType "swiss"]
[EventRounds "9"]
[EventCountry "TUR"]
[SourceTitle "CBM 190 Extra"]
[Source "ChessBase"]
[SourceDate "2019.07.15"]
[SourceVersion "1"]
[SourceVersionDate "2019.07.15"]
[SourceQuality "1"]

1. Nf3 Nf6 2. d4 d5 3. Bf4 e6 4. e3 c5 5. c3 Be7 6. Bd3 0-0 7. Nbd2 Nc6 8. Ne5 Nd7 9. h4 Ncxe5 10. dxe5 f5 11. exf6 Nxf6 12. g4 e5 13. Bxe5 Nxg4 14. Bg3 Bd6 15. 0-0 Nxe3 16. fxe3 Bxg3 17. Qh5 Rf6 18. Qxh7+ Kf8 19. Qh8+ Ke7 20. Qxg7+ Ke6 21. Rxf6+ Qxf6 22. Qxg3 Bd7 23. Qg4+ Kd6 24. Qf4+ Qxf4 25. exf4 Rg8+ 26. Kf2 Rg4 27. f5 Rxh4 28. Kg3 Rh5 29. Rf1 Ke5 30. Nf3+ Kf6 31. Rf2 a5 32. Nh4 c4 33. Bc2 b5 34. Nf3 Bxf5 35. Nd4 Rg5+ 36. Kh2 1-0